[Event "119th YMCA Winter-D"]
[Site "Warszawa"]
[Date "2013.03.01"]
[Round "13"]
[White "Chylewski, Patryk"]
[Black "Duniec, Mateusz"]
[Result "1/2-1/2"]
[WhiteElo "1666"]
[BlackElo "1619"]
[Annotator "Admin"]
[PlyCount "106"]
[EventDate "2013.01.08"]
[EventType "tourn"]
[EventRounds "1"]
[EventCountry "POL"]
[SourceDate "2013.01.07"]

1. d4 Nf6 2. c4 e6 3. Nc3 Bb4 4. Qc2 O-O 5. Bg5 b6 6. a3 Bxc3+ 7. Qxc3 Bb7 8.
Nf3 h6 9. Bh4 d6 10. e3 Nbd7 11. Bd3 c5 12. O-O Qc7 13. Bg3 Ne4 14. Bxe4 Bxe4
15. Nd2 Bb7 16. b4 cxd4 17. Qxd4 e5 18. Qd3 f5 19. f3 g6 20. f4 Nf6 21. Qb3 e4
22. Bh4 Kh7 23. Rfd1 Rac8 24. Qc3 Qg7 $11 25. Bxf6 Qxf6 26. Qxf6 Rxf6 27. Rac1
Ba6 28. b5 Bb7 29. Nb3 a5 30. Rd4 a4 31. Nd2 d5 $11 32. Nb1 Kg8 33. Nc3 Rxc4
34. Rxc4 dxc4 35. Nxa4 Bd5 36. Rd1 Bf7 37. Rd8+ Kg7 38. Kf2 g5 39. Kg3 g4 40.
Kf2 h5 41. Ke2 h4 42. Kd2 g3 43. h3 Bh5 44. Rd4 Kf7 45. Rxc4 Ke7 46. Rd4 Be8
$11 47. Rd5 Rd6 48. Nc3 Rxd5+ 49. Nxd5+ Kd6 50. Nxb6 Bxb5 51. Ke1 Kc6 52. Nc8
Kd7 53. Nb6+ Kc6 $11 1/2-1/2

[Event "119th YMCA Winter-D"]
[Site "Warszawa"]
[Date "2013.03.21"]
[Round "13"]
[White "Kalhorn, Marcin"]
[Black "Wilczynski, Adam"]
[Result "0-1"]
[WhiteElo "1635"]
[BlackElo "1648"]
[Annotator "Admin"]
[PlyCount "120"]
[EventDate "2013.01.08"]
[EventType "tourn"]
[EventRounds "1"]
[EventCountry "POL"]
[SourceDate "2013.01.07"]

1. d4 Nf6 2. c4 e6 3. Nc3 Bb4 4. Qc2 O-O 5. a3 Bxc3+ 6. Qxc3 Ne4 7. Qc2 f5 8.
Nh3 Nc6 9. f3 Nf6 10. Qc3 a5 11. b3 Qe7 12. Bb2 d5 13. e3 Bd7 14. Bd3 Rae8 15.
f4 Ne4 16. Qc2 Qh4+ 17. Nf2 Rc8 18. g3 Qe7 19. O-O Nf6 20. Be2 Nd8 21. c5 b5
22. Bc3 Ra8 23. Qd2 a4 24. Ba5 Bc6 25. bxa4 bxa4 26. Rfb1 Ne4 27. Nxe4 dxe4 28.
Bb4 Nf7 29. Bc4 Rfd8 30. Bc3 Bd5 31. Bxd5 exd5 32. Rb4 Qe6 33. Qc2 Qc6 34. Rab1
g5 35. Kh1 Kg7 36. Rb5 Ra6 37. Qb2 h5 38. Rb8 g4 39. Rxd8 Nxd8 40. Qb8 Ra8 41.
Qb5 Qxb5 42. Rxb5 Ra6 43. Rb8 Ne6 44. Rb7 Kg6 45. Kg1 Kf7 46. Kf1 Ke7 47. Ke2
Kd7 48. Kd1 Nd8 49. Rb8 Ra7 50. Kc2 c6 51. Be1 Kc7 52. Rb4 Ne6 53. Kc3 Kc8 54.
Rb6 Kd7 55. Rb8 Nd8 56. Rb4 $11 Kc7 57. Kc2 Nb7 58. Rb6 Nd6 59. Bd2 Nc4 60. Rb2
Nxb2 $138 0-1

[Event "119th YMCA Winter-D"]
[Site "Warszawa"]
[Date "2013.03.21"]
[Round "13"]
[White "Zwolan, Anna"]
[Black "Rodak, Przemyslaw"]
[Result "1-0"]
[WhiteElo "1650"]
[BlackElo "1684"]
[Annotator "Admin"]
[PlyCount "86"]
[EventDate "2013.01.08"]
[EventType "tourn"]
[EventRounds "1"]
[EventCountry "POL"]
[SourceDate "2013.01.07"]

1. e4 e6 2. d4 d5 3. Nc3 Bb4 4. exd5 exd5 5. Qf3 h6 6. Bd2 Nf6 7. h3 O-O 8.
O-O-O c6 9. a3 Bxc3 10. Qxc3 Ne4 11. Qf3 Nxd2 12. Rxd2 b5 13. g4 Qh4 14. Qf4
Qg5 15. Qg3 f5 16. f4 Qg6 17. Rg2 fxg4 18. hxg4 Qe4 19. Ne2 b4 20. axb4 a5 21.
b5 cxb5 22. Rh5 Nc6 23. g5 Nxd4 24. Nxd4 Qxd4 25. gxh6 Rxf4 26. Qxg7+ Qxg7 27.
Rxg7+ Kh8 28. Bxb5 Bf5 29. Rc7 Rg8 30. b3 Be4 31. Rh2 Rgf8 32. Kb2 R4f7 33.
Rxf7 Rxf7 34. Ka3 Rc7 35. c4 dxc4 36. bxc4 Kh7 37. Ka4 Ra7 38. Ka3 Rc7 39. Rh4
Bd3 40. Ka4 Ra7 41. c5 Bc2+ 42. Ka3 Rc7 43. c6 Re7 $138 1-0

[Event "119th YMCA Winter-D"]
[Site "Warszawa"]
[Date "2013.02.07"]
[Round "13"]
[White "Budrewicz, Henryk"]
[Black "Jackiewicz, Jerzy"]
[Result "1-0"]
[WhiteElo "1585"]
[BlackElo "1522"]
[PlyCount "43"]
[EventDate "2013.01.08"]
[EventType "tourn"]
[EventRounds "1"]
[EventCountry "POL"]
[SourceDate "2013.01.07"]

1. d4 e6 2. e3 f5 3. f4 Nf6 4. Nf3 Be7 5. Bd3 O-O 6. O-O c5 7. c3 a6 8. a4 Nc6
9. Nbd2 b6 10. Qe2 Bb7 11. e4 fxe4 12. Nxe4 cxd4 13. cxd4 Nb4 14. Nxf6+ Bxf6
15. Bb1 Rc8 16. Ne5 Bxe5 17. dxe5 Bd5 18. Qh5 g6 19. Bxg6 hxg6 20. Qxg6+ Kh8
21. Ra3 Bxg2 22. Qh6+ 1-0

[Event "119th YMCA Winter-D"]
[Site "Warszawa"]
[Date "2013.03.21"]
[Round "13"]
[White "Duda, Ryszard"]
[Black "Kaniewska, Emilia"]
[Result "1-0"]
[WhiteElo "1635"]
[BlackElo "1620"]
[PlyCount "55"]
[EventDate "2013.01.08"]
[EventType "tourn"]
[EventRounds "1"]
[EventCountry "POL"]
[SourceDate "2013.01.07"]

1. e4 c5 2. Nf3 d6 3. d4 cxd4 4. Nxd4 Nf6 5. Nc3 a6 6. f3 e5 7. Nb3 Be6 8. Be3
Be7 9. Qd2 O-O 10. O-O-O Nbd7 11. Qf2 b5 12. g4 b4 13. Nd5 Bxd5 14. exd5 a5 15.
Kb1 a4 16. Nc1 Nc5 17. Qd2 Qb8 18. b3 axb3 19. cxb3 Rc8 20. h4 e4 21. Bxc5 Rxc5
22. Bc4 exf3 23. Qe3 Qd8 24. g5 Ng4 25. Qxf3 Ne5 26. Qe4 Qc7 27. Bd3 Qa5 28.
Qxh7+ 1-0

[Event "119th YMCA Winter-D"]
[Site "Warszawa"]
[Date "2013.02.19"]
[Round "13"]
[White "Sanz-Wawer, Daniel"]
[Black "Krzyzanowski, Antoni"]
[Result "0-1"]
[WhiteElo "1572"]
[BlackElo "1708"]
[Annotator "Admin"]
[PlyCount "106"]
[EventDate "2013.01.08"]
[EventType "tourn"]
[EventRounds "1"]
[EventCountry "POL"]
[SourceDate "2013.01.07"]

1. d4 f5 2. c4 Nf6 3. Nc3 e6 4. Bg5 Be7 5. e3 O-O 6. Bd3 b6 7. Nge2 Bb7 8. f3
a5 9. Qc2 Na6 10. a3 c6 11. e4 fxe4 12. Nxe4 Nxe4 13. Bxe7 Qxe7 14. Bxe4 Qh4+
15. g3 Qh6 16. O-O $11 d5 17. Bd3 c5 18. Qc1 Qxc1 19. Raxc1 cxd4 20. cxd5 Nc5
21. Rcd1 Nxd3 22. Rxd3 e5 23. f4 Ba6 24. Rd2 d3 25. Nc3 exf4 26. gxf4 Rf5 27.
Rf3 Raf8 28. Rdf2 R8f6 29. Kg2 Kf7 30. Kg1 Ke7 31. Kg2 Kd7 32. Kg1 Rf7 33. Na4
Kc7 34. Nc3 g5 35. Kg2 gxf4 36. Kh3 a4 37. Kg4 h5+ 38. Kh4 Bc4 39. Nxa4 Rxd5
40. Rxf4 Rxf4+ 41. Rxf4 Bb3 42. Nc3 Rd7 43. Rf5 d2 44. h3 d1=Q 45. Nxd1 Bxd1
46. Rb5 Kc6 47. Rb4 Kc5 48. Kg3 Rd3+ 49. Kh2 Rb3 50. Re4 Rxb2+ 51. Kg3 Rb3+ 52.
Kg2 Rxa3 53. Re1 Rd3 0-1